Interesting animals by photo - Statistics

General Stats
  • This quiz has been taken 42 times
  • The average score is 7 of 16
Answer Stats
Picture Answer % Correct
Anteater
83%
Narwhal
83%
Tasmanian devil
83%
Elephant seal
59%
Okapi
55%
Sea cucumber
55%
Quokka
52%
Tree kangaroo
48%
Shoebill
41%
Portuguese man-of-war
38%
Skink
38%
Bird-of-paradise
31%
Damselfly
21%
Quoll
21%
Tarsier
21%
Loris
17%
No matching quizzes found
Score Distribution
Percent of People with Each Score
Percentile by Number Answered
Your Score History
You have not taken this quiz